Avukat halkın ve hakkın dilidir III (Record no. 3699)
[ view plain ]
| 000 -BAŞLIK | |
|---|---|
| Sabit Uzunlukta Kontrol Alanı | 00790na a2200253 4500 |
| 001 - KONTROL NUMARASI | |
| Denetim Alanı | 23903 |
| 003 - KONTROL NUMARASI IDENTIFIER | |
| Denetim Alanı | MIRAKIL |
| 005 - SON İŞLEM TARİHİ VE ZAMANI | |
| Denetim Alanı | 20181213154940.0 |
| 008 - SABİT-BOY VERİ ELEMANLARI - GENEL BİLGİLER | |
| Sabit Uzunlukta Kontrol Alanı | 180118b tu 000 0 |
| 020 ## - ULUSLARARASI STANDART KİTAP NUMARASI | |
| Uluslararası Standart Kitap Numarası | 9786059050968 |
| 040 ## - KATALOGLAMA KAYNAK | |
| Orijinal Kataloglama Ajansı | Milas |
| Kataloglama Dili | tur |
| Metne Dönüştürmek Ajansı | TR-AnCHP |
| 041 ## - DİL KODU | |
| Metin / Ses Parça Veya Ayrı Başlığın Dil Kodu | tur |
| 082 ## - DEWEY ONLU SINIFLANDIRMA NUMARASI | |
| Sınıflandırma Numarası | 347.052 |
| Ürün Numarası | V86a 2016 |
| 090 ## - SINIFLAMA NUMARASI | |
| Sınıflama Numarası | 347.052 V86a 2016 |
| 100 ## - ANA GİRİŞ - KİŞİSEL İSİM | |
| Kişisel Ad | Vural, Sedat |
| 245 ## - BAŞLIK TABLOSU | |
| Başlık | Avukat halkın ve hakkın dilidir III |
| Sorumluluk Tablosu, Vb | Sedat Vural |
| 260 ## - YAYIN, DAĞITIM, VB | |
| Yayın, Dağıtım, Vb Yeri | Ankara |
| Yayıncı, Dağıtıcı, Vs Adı | Ankara Barosu yayınları |
| Yayın, Dağıtım, Vb Tarihi | 2016 |
| Üretici Firma | Salmat Basım Yayıncılık |
| 300 ## - FİZİKSEL TANIM | |
| Kapsam | 361 s. |
| Boyutlar | 24 sm. |
| 500 ## - GENEL NOT | |
| Genel Not | Yapıt yazarından imzalıdır. |
| 500 ## - GENEL NOT | |
| Genel Not | CHP Genel Başkan Yardımcısı Yasemin Öney Cankurtaran bağışıdır. |
| 650 ## - KONU KATMA GİRİŞ - TOPİKAL DÖNEM | |
| Topikal Süreli Veya Coğrafi Ad Giriş Elemanı | Hukuk |
| Genel Alt Bölümü | Türkiye |
| 650 ## - KONU KATMA GİRİŞ - TOPİKAL DÖNEM | |
| Topikal Süreli Veya Coğrafi Ad Giriş Elemanı | Avukatlık |
| Genel Alt Bölümü | Dava ve savunma |
| Coğrafi Alt Bölümü | Türkiye |
| 942 ## - EKLENDİ GİRİŞ ELEMANLARI (KOHA) | |
| Sınıflandırma Veya Raf Düzeni Kaynak | Dewey Decimal Classification |
| Koha Öğesi Türü | Books |
| 999 ## - SİSTEM KONTROL NUMARALARI (KOHA) | |
| Koha Biblionumber | 3699 |
| Koha Biblioitemnumber | 3699 |
| Kalıcı Konum | Mevcut Konum | Edinme Tarihi | Edinim Kaynak | Toplam Check-Out'Lar | Toplam Yenileme | Tam Çağrı Numarası | Barkod | Tarih Son Görülme | Tarihi Geçen Teslim | İtibaren Geçerli Fiyatlar | Koha Öğesi Türü |
|---|---|---|---|---|---|---|---|---|---|---|---|
| CHP Kütüphanesi | CHP Kütüphanesi | 01/18/2018 | Bağış | 1 | 3 | 347.052 V86a 2016 | 017884 | 09/02/2019 | 05/28/2019 | 01/18/2018 | Books |
